Datum a čas kvízu
23.5
Celkem bodů
Celkový počet nahraných bodů na tomto kvízu bez doplňovacích otázek.
8.
Pořadí na kvízu
Konečné umístění týmu na tomto kvízu.
Zaznamenané odpovědi
| # | Otázka | Odpověď | Body | Výsledky |
|---|---|---|---|---|
| 1. | Na česko-polské hranici došlo... | kaplička | 0 | |
| 2. | Ve středu oslavil významné živ... | princ Philip, 99 let | 1 | |
| 3. | Akce, která se konala minulý p... | Noc kostelů | 0 | |
| 4. | Firma Kofola minulý týden ozná... | vodu točenou ze sudu | 1 | |
| 5. | Jak se jmenuje sportovec, kter... | David Pastrňák | 1 | |
| 6. | Psi se na obrazovkách či stříb... | Rin Tin Tin, zkráceně též Rinty | 1 | |
| 7. | Jan, Gustav, Grigorij, Tomek a... | Čtyři z tanku a pes | 1 | |
| 8. | Jak se jmenuje slavný pes, kte... | Rex | 1 | |
| 9. | Jak se (ať už česky, či anglic... | Spasitel (Santa's Little Helper) | 0 | |
| 10. | Vzpomenete si na jméno filmu,... | Neuvěřitelná cesta (ang. Homeward Bound) | 0 |